000 00962cam a22002175a 4500
001 L144710
008 080806s2008 xxko f 000 0 eng d
035 _a(Sirsi) u144710
041 0 _aeng
050 0 4 _a650.14 $2 18
110 2 _aRoyal Institution of Chartered Surveyors
_94900
245 0 0 _aWhy become a chartered quantity surveyor?
260 _aLondon
_bRICS
_c2008
300 _a7p.
_bill.
_c2008
505 2 _aWhat is surveying? -- Why bother with 'chartered'? -- what is quantity surveying? -- Five good reasons to become a chartered quantity surveyor -- What do I need to become a chartered quantity surveyor? -- What else do I need to know?
520 _aProvides an introduction to a career in quantity surveying; lists the benefits of chartership and gives suggestions for how to embark on a career as a chartered quantity surveyor.
521 _aAdvanced
651 4 _aUnited Kingdom
_y
690 _aQuantity surveying
_96263
942 _n0
999 _c108594
_d108594